1361 1431 1972 1412 1628 1466 1677 1854 1004 1093 1708 1193 1481 1937 1439 1500 1043 1486 1620 1463 1933 1344 1976 1980 1263 1986 1343 1490 1519 1496 1299 1759 1927 1357 1142 1795 1749 1685 1337 1703 1737 1573 1866 1904 1490 1343 1395 1131 1346 1868 1308 1563 1802 1781 1912 1740 1170 1728 1375 1421 1030 1655 1866 1747 1275 1700 1277 1641 1510 1217 1905 1069 1269 1111 1429 1511 1297 1885 1953 1375 1247 1813 1337 1604 1875 1268 1779 1854 1135 1693 1497 1023 1369 1957 1540 1551 1406 1313 1817 BCNSPRNW ULIB Ver.6.0+V

เปลี่ยนเป็นภาษาไทย

Change to English
 แสดงรายละเอียดบรรณานุกรม
  กลับหน้าหลัก

Brief Record : Get Marc (ISO 2709) : E-mail record : QR code < ปิดหน้าต่าง
LEADER : 00000nam 2200000uu 4500
001    13399123287
003     ULIB
008    140814s2556||||th 000 0 tha d
099    วจ.WL400^bจ631ก
100 0  จุฑารัตน์ สว่างชัย และนิรนาท วิทยโชคกิติคุณ
245 00 การพัฒนาบทเรียน e-learning เรื่อง การพยาบาลผู้ป่วยบาดเจ็บไขสันหลังสำหรับนักศึกษาพยาบาลศาสตรบัณฑิต วิทยาลัยบรมราชชนนี สวรรค์ประชารักษ์ นครสวรรค์/^cจุฑารัตน์ สว่างชัย และนิรนาท วิทยโชคกิติคุณ
246 0  Development of e-learning on nursing care of spinal cord injury patients, bachelor of nursing Science programme, Boromarajonani,College of nursing, Sawanpracharak Nakhonsawan
260    นครสวรรค์:^bวิทยาลัยบรมราชชนนี สวรรค์ประชารักษ์ นครสวรรค์,^c
300    82 หน้า
650  0 บทเรียน e-learningู^xวิจัย
650  0 การพยาบาลผู้ป่วยบาดเจ็บไขสันหลัง^xวิจัย
945    ^p0^l0^i034594
999    ^aเกษร โพธิ์สุวรรณ
รายการนี้ยังไม่มีแท็ก
คุณยังไม่ได้ล็อกอิน คุณสามารถมีกิจกรรมร่วมกับเว็บไซต์ได้ แต่ต้องล็อกอินก่อน ::
  ล็อกอิน

รายการสื่อสารสนเทศ

ลำดับที่ ประเภท เลขเรียก/บาร์โค้ด สถานที่ สถานะ
1. งานวิจัย
งานวิจัย
วจ.WL400 จ631ก ฉ.1 
  Barcode: 034594
ห้องสมุดวิทยาเขตสวรรค์ประชารักษ์
►วิจัย
ถูกยืม กำหนดส่งวันที่ 21 มิถุนายน 2566
  จอง

BibComment


ยังไม่เคยถูกคอมเมนท์

คอมเมนท์ทรัพยากรรายการนี้
  คอมเมนท์: การพัฒนาบทเรียน e..


 Copyright 2026. Bcnsprnw @Library